000 00327nam a2200133Ia 4500
008 150201s2000 xx 000 0 und d
082 _a616.07
_bM00P
100 _aPLAYFAIR,JHL
245 _aMEDICAL IMMUNOLOGY : MADE MEMORABLE
250 _a2ND
260 _bCHURCHILL
_aLONDON
_c2000
650 _aMICROBIOLOGY
942 _2ddc
_cBK
999 _c900
_d900